Các văn bản quản lý nhà nước về giống vật nuôi và thức ăn chăn nuôi
Cung cấp các văn bản nhà nước như Luật của Quốc hội Việt Nam, Pháp lệnh, Nghị định, Thông tư của chính phủ, các Bộ, Ban, Ngành liên quan đến lĩnh vực chăn nuôi và thức ăn chăn nuôi
保存先:
| 第一著者: | |
|---|---|
| フォーマット: | 図書 |
| 言語: | Undetermined |
| 出版事項: |
Hà Nội
Khoa học tự nhiên và công nghệ
2012
|
| 主題: | |
| タグ: |
タグ追加
タグなし, このレコードへの初めてのタグを付けませんか!
|
| Thư viện lưu trữ: | Trung tâm Học liệu Trường Đại học Cần Thơ |
|---|
| LEADER | 00957nam a2200193Ia 4500 | ||
|---|---|---|---|
| 001 | CTU_180280 | ||
| 008 | 210402s9999 xx 000 0 und d | ||
| 020 | |c 250000 | ||
| 082 | |a 344.597 | ||
| 082 | |b Gi108 | ||
| 100 | |a Hoàng, Kim Giao | ||
| 245 | 0 | |a Các văn bản quản lý nhà nước về giống vật nuôi và thức ăn chăn nuôi | |
| 245 | 0 | |c Hoàng Kim Giao ... [et al.] chủ biên | |
| 260 | |a Hà Nội | ||
| 260 | |b Khoa học tự nhiên và công nghệ | ||
| 260 | |c 2012 | ||
| 520 | |a Cung cấp các văn bản nhà nước như Luật của Quốc hội Việt Nam, Pháp lệnh, Nghị định, Thông tư của chính phủ, các Bộ, Ban, Ngành liên quan đến lĩnh vực chăn nuôi và thức ăn chăn nuôi | ||
| 650 | |a Ordinances animals,Pháp lệnh giống vật nuôi | ||
| 980 | |a Trung tâm Học liệu Trường Đại học Cần Thơ | ||